Erste Dinge (Alphabetisch gesehen) - Statistiken

Allgemein
  • Dieses Quiz wurde 77 mal gespielt
    53 seit der letzten Aktualisierung
  • Das Durchschnittsergebnis liegt bei 10 aus 20
Antwortstatistiken
Kategorie Antwort % Korrekt
Tiere Aal
100%
Körperteile mit drei Buchstaben Arm
95%
Griechische Buchstaben Alpha
90%
Deutsche Landeshauptstädte Berlin
90%
Farben des Regenbogens Blau
90%
Wochentage Dienstag
90%
Planeten in unserem Sonnensystem Erde
88%
Deutsche Bundesländer Baden-Württemberg
85%
Edelgase Argon
73%
Länder Afghanistan
71%
Deutschsprachige männliche Vornamen Aaron
51%
Walt Disney Meisterwerke Aladdin
22%
Nachnamen von US-Präsidenten Adams
17%
Staatshauptstädte Abu Dhabi
15%
Rentiere des Weihnachtsmannes Blitzen
15%
Studioalben der Beatles Abbey Road
12%
Musikinstrumente Akkordeon
12%
Bücher des Neuen Testaments Apostelgeschichte
7%
Englische Monarchen (seit 1066) Anne
2%
Tierkreiszeichen (lat. Namen) Aquarius
2%
Keine übereinstimmenden Quizze gefunden
Verteilung der Resultate
Anzahl Personen mit jedem Resultat
Perzentil nach korrekt beantworteten Fragen
Ihre Resultats-Entwicklung
Sie haben dieses Quiz seit der letzten Aktualisierung nicht gespielt